NÓMADAS: revista de Ciencias Sociales
Salvato in:
| Ente Autore: | |
|---|---|
| Natura: | Libro |
| Lingua: | Spanish |
| Pubblicazione: |
Bogotá: Colombia
IESCO-Universidad Central
|
| Soggetti: | |
| Tags: |
Aggiungi Tag
Nessun Tag, puoi essere il primo ad aggiungerne!!
|
MARC
| LEADER | 00000nam a22000007a 4500 | ||
|---|---|---|---|
| 003 | cru CIDCACS/IIS | ||
| 005 | 20200925161201.0 | ||
| 007 | ta | ||
| 008 | 170123b1985 ck ||||| |||| 00| 0 spa d | ||
| 022 | |a 01217550 | ||
| 040 | |a CRAI/IIS |c CRAI/IIS | ||
| 090 | 0 | 4 | |a REV1612 |
| 110 | |9 1370 |a Universidad Central. Instituto de Estudios Sociales Contemporáneos | ||
| 245 | |a NÓMADAS: |b revista de Ciencias Sociales |c Universidad Central. Instituto de Estudios Sociales Contemporáneo IESCO | ||
| 260 | |a Bogotá: Colombia |b IESCO-Universidad Central | ||
| 650 | 1 | 0 | |9 75 |a CIENCIAS SOCIALES |
| 650 | 1 | 0 | |9 415 |a CIENCIAS JURÍDICAS |
| 650 | 1 | 0 | |9 1394 |a SISTEMAS ECONOMICOS |
| 650 | 1 | 0 | |9 126 |a CULTURA |
| 650 | 1 | 0 | |9 944 |a EDUCACION |
| 942 | |2 ddc |c PP | ||
| 999 | |c 18817 |d 18817 | ||
